community health nursing / (رقم التسجيلة. 120702)

تفاصيل مارك
000 -الفاتح
عناصر البيانات ثابتة الطول 00599cam a2200181 i 4500
005 - تاريخ ووقت آخر معاملة
حقل ضبط 20260215090310.0
008 - عناصر البيانات ثابتة الطول
عناصر البيانات ثابتة الطول 250721s2008 xxu gr 000 0 eng d
082 14 - رقم تصنيف ديوي العشري
رقم التصنيف 610.73
رقم المادة M A S
100 1# - مدخل رئيسي – اسم شخصي
الاسم الشخصي saleh, masaeh
علاقة الشخص بالعمل/ دوره Prepared.
245 10 - بيان العنوان
العنوان community health nursing /
بيان المسؤولية Saleh Masadeh, RN,MSN, Malakeh.Z.Malak,RN,MSN Intisar Al-Nsoor,RN,MSN.
264 31 - بيانات النشر، التوزيع…إلخ
مكان النشر، التوزيع...إلخ عمان :
اسم الناشر، الموزع...إلخ دار تسنيم للنشر,
تاريخ النشر، التوزيع...إلخ 2008.
300 ## - الوصف المادي
عدد الوحدات المكونة للوعاء 274 Page.
650 17 - مدخل إضافي بالموضوع - مصطلح موضوعي
مصطلح موضوعي أو اسم جغرافي كعنصر مدخل التمريض.
650 17 - مدخل إضافي بالموضوع - مصطلح موضوعي
مصطلح موضوعي أو اسم جغرافي كعنصر مدخل الصحة العامة.
700 1# - مدخل إضافي - اسم شخصي
الاسم الشخصي malak, malakeh
علاقة الشخص بالعمل/ دوره Prepared.
942 ## - بيانات إضافية (كوها)
نوع التنصيف Dewey Decimal Classification
نوع المادة (كوها) كتب
المقتنيات
حالة السحب حالة الفقدان مصدر التصنيف حالة التلف غير قابل للإعارة المكتبة الرئيسية المكتبة الحالية موقع الرف تاريخ التزويد رقم المخزون Total Checkouts رقم الإستدعاء الباركود تاريخ آخر ظهور تاريخ الفاتورة نوع المادة (كوها)
    Dewey Decimal Classification     المكتبة المركزية المكتبة المركزية الإعارة 28/07/2025 1388917   610.73 / M A S PLD00153739 28/07/2025 28/07/2025 كتب
    Dewey Decimal Classification     المكتبة المركزية المكتبة المركزية مقتنيات قسم التزويد 28/07/2025 1483456   610.73/MAS   28/07/2025 28/07/2025 كتب
    Dewey Decimal Classification     مكتبة أبو علندا العامة مكتبة أبو علندا العامة الإعارة 23/06/2010 1388920   610.73/MAS PLD00154341 28/07/2025 23/06/2010 كتب
    Dewey Decimal Classification     مكتبة الأميرة ايمان العامة مكتبة الأميرة ايمان العامة الإعارة 23/06/2010 1388921   610.73/MAS PLD00154344 28/07/2025 23/06/2010 كتب
Implemented & Customized by: BBB with SCIT (Smart Chains for Information Technology)

Powered by Koha